Quel est son dernier film ? - Acteurs - - Statistiques

Statistiques générales
  • Ce quiz a été pris 44 fois
  • Le résultat moyen est 5 sur 25
Statistiques - réponses
Question Réponse % Correct
Louis de Funès Le Gendarme et les Gendarmettes
75%
Yves Montand IP5
50%
Pierre Fresnay La millième fenêtre
50%
Jean Gabin L'année sainte
50%
Patrick Dewaere Paradis pour tous
50%
Jean Marais Beauté volée
25%
Bourvil Clodo
25%
Charles Denner Golden Eighties
25%
Jean Rochefort Je ne sais pas si c'est tout le monde
25%
Pierre Brasseur La plus belle soirée de ma vie
25%
Lino Ventura La Rumba
25%
Bernard Blier Migrations
25%
Michel Galabru Ouvert la nuit
25%
Louis Jouvet Une histoire d'amour
25%
Fernandel Heureux qui comme Ulysse
0%
Robert Hossein L'amour c'est mieux que la vie
0%
Jacques Villeret L'Antidote
0%
Michel Serrault L'Avare
0%
Paul Meurisse L'éducation amoureuse de Valentin
0%
Michel Piccoli Le goût des myrtilles
0%
Jean-Louis Trintignant Les plus belles années d'une vie
0%
Charles Vanel Les saisons du plaisir
0%
Claude Brasseur Tout le monde debout
0%
Philippe Noiret Trois amis
0%
Jean-Paul Belmondo Un homme et son chien
0%
Aucun quiz correspondant
Distribution des résultats
% des personnes avec chaque résultat
Percentile par nombre de réponses
Votre historique - résultats
Vous n’avez pas pris ce quiz